<?xml version="1.0" encoding="UTF-8"?>
<record
    xmlns:xsi="http://www.w3.org/2001/XMLSchema-instance"
    xsi:schemaLocation="http://www.loc.gov/MARC21/slim http://www.loc.gov/standards/marcxml/schema/MARC21slim.xsd"
    xmlns="http://www.loc.gov/MARC21/slim">

  <leader>01865nam a2200229   4500</leader>
  <controlfield tag="001">ESSALUD</controlfield>
  <controlfield tag="005">20260630193833.0</controlfield>
  <controlfield tag="007">ta</controlfield>
  <controlfield tag="008">      t        pe ||||| |||| 00| 0 spa d</controlfield>
  <datafield tag="040" ind1=" " ind2=" ">
    <subfield code="a">BMG</subfield>
  </datafield>
  <datafield tag="041" ind1=" " ind2=" ">
    <subfield code="a">spa</subfield>
  </datafield>
  <datafield tag="100" ind1=" " ind2=" ">
    <subfield code="a">Tribunal Constitucional. Pleno Jurisdiccional</subfield>
    <subfield code="e">Autor</subfield>
    <subfield code="9">53011</subfield>
  </datafield>
  <datafield tag="245" ind1=" " ind2=" ">
    <subfield code="a">Tribunal Constitucional: no se puede juzgar como adultos a los adolescentes de 16 y 17 a&#xF1;os</subfield>
  </datafield>
  <datafield tag="300" ind1=" " ind2=" ">
    <subfield code="a">p&#xE1;ginas 115-144</subfield>
  </datafield>
  <datafield tag="520" ind1=" " ind2=" ">
    <subfield code="a">La edad m&#xED;nima de imputabilidad penal es de 18 a&#xF1;os, por lo que los adolescentes de 16 y 17 a&#xF1;os a los que se les atribuya la comisi&#xF3;n de una infracci&#xF3;n a la ley penal, deber&#xE1;n ser juzgados y sancionados en el sistema penal juvenil, en los t&#xE9;rminos previstos en el C&#xF3;digo de Responsabilidad Penal de Adolescentes. Todos los procesos tramitados de acuerdo con el C&#xF3;digo Procesa l Penal de 2004 en contra de adolescentes de 16 y 17 a&#xF1;os, a partir de la entrada en vigencia de la Ley N&#xB0; 32330, deber&#xE1;n ser archivados, a fin de que las investigaciones sean reconducidas a los &#xF3;rganos competentes a tenor de lo dispuesto en el C&#xF3;digo de Responsabilidad Penal de Adolescentes (Decreto Legislativo N&#xB0; 1348), conforme a su normativa vigente, y en el Nuevo C&#xF3;digo de los Ni&#xF1;os y Adolescentes (Ley N&#xB0; 27337), en lo que fuere aplicable. Ser&#xE1; en estos nuevos procesos, bajo la direcci&#xF3;n del fiscal y juez de familia, en los que se deber&#xE1; determinar la situaci&#xF3;n jur&#xED;dica de los adolescentes investigados, as&#xED; como las medidas de coerci&#xF3;n aplicables conforme al caso concreto.</subfield>
  </datafield>
  <datafield tag="650" ind1=" " ind2=" ">
    <subfield code="a">ADOLESCENTES</subfield>
  </datafield>
  <datafield tag="650" ind1=" " ind2=" ">
    <subfield code="a">ADULTOS</subfield>
    <subfield code="9">7565</subfield>
  </datafield>
  <datafield tag="650" ind1=" " ind2=" ">
    <subfield code="a">DERECHO PENAL</subfield>
    <subfield code="9">156</subfield>
  </datafield>
  <datafield tag="650" ind1=" " ind2=" ">
    <subfield code="a">C&#xD3;DIGO DE NI&#xD1;OS Y ADOLESCENTES</subfield>
    <subfield code="9">53012</subfield>
  </datafield>
  <datafield tag="773" ind1="0" ind2=" ">
    <subfield code="0">22573</subfield>
    <subfield code="9">22620</subfield>
    <subfield code="d">Lima Grupo Praxis Formaci&#xF3;n Profesional, 2026-</subfield>
    <subfield code="o">PRA001</subfield>
    <subfield code="t">Praxis Civil &amp; Procesal Civil</subfield>
    <subfield code="w">ESSALUD</subfield>
    <subfield code="x">3119-7671</subfield>
  </datafield>
  <datafield tag="942" ind1=" " ind2=" ">
    <subfield code="c">ARTICULOS</subfield>
    <subfield code="e">2026-06-30</subfield>
    <subfield code="z">sqb</subfield>
  </datafield>
  <datafield tag="999" ind1=" " ind2=" ">
    <subfield code="c">22587</subfield>
    <subfield code="d">22587</subfield>
  </datafield>
</record>
